| 000 | 00446nam a22001577a 4500 | ||
|---|---|---|---|
| 003 | OSt | ||
| 008 | 230227b |||||||| |||| 00| 0 eng d | ||
| 041 | _amal | ||
| 082 |
_a923.4548 _bJOM/DA |
||
| 100 |
_aJomon puthanpurakkal _95407 |
||
| 245 |
_adaivathinte swantham vakkeel _bദൈവത്തിന്റെ സ്വന്തം വക്കീൽ |
||
| 250 | _a4 | ||
| 260 |
_athrissure _bcurrent books _c2022 |
||
| 300 | _a472 | ||
| 942 | _cBK | ||
| 999 |
_c17649 _d17649 |
||